000 00779nam a22001937a 4500
999 _c371602
_d371602
008 201127b ||||| |||| 00| 0 eng d
040 _aDE-2950
_bger
_cDE-2950
_erda
041 _ager
245 _aKranzniederlegung diesmal ohne offiziellen Rahmen.
_bJahrestag: Statt der traditionellen Veranstaltung am sowjetischen Ehrenmal in Frankfurt zur Erinnerung an das Weltkriegsende gibt es ein stilles Gedenken/
_cLisa Mahlke
264 _c2022
653 _aFrankfurt (Oder)
653 _a8. Mai
653 _aKranzniederlegung
773 _dFrankfurt (Oder) Märkisches Verlags- und Druckhaus GmbH & Co KG
_tMärkische Oderzeitung
_g33. Jahrgang (2022) Nr. 106 vom 07./08.05.2022, S. 15
942 _cA